| 000 | 01303nmc a2200469 a 4500 | ||
|---|---|---|---|
| 003 | AR-BaBNM | ||
| 005 | 20251128204753.0 | ||
| 008 | 195119s1980 ||||||||||||||000 | spa|| | ||
| 020 | _a968-16-0542-X | ||
| 040 | _cAR-BaBNM | ||
| 100 | 1 | _aDessau, Adalbert | |
| 245 | 1 | 0 | _aLa novela de Revolución Mexicana |
| 250 | _a1ª ed. | ||
| 260 |
_aMéxico, D.F. _bFondo de Cultura Económica _c1980 |
||
| 300 | 0 | _a477 p. | |
| 490 | 0 |
_aColección Popular _vv. 117 |
|
| 500 | 0 | _aContiene índice general | |
| 600 | 1 | 4 | _aGuzmán, Martín Luis |
| 600 | 1 | 4 | _aAzuela, Mariano |
| 600 | 1 | 4 | _aRevueltas, José |
| 600 | 1 | 4 | _aRobles, Fernando |
| 600 | 1 | 4 | _aMuñoz, Rafael Felipe |
| 600 | 1 | 4 | _aRojas González, Francisco |
| 600 | 1 | 4 | _aYañez, Agustín |
| 600 | 1 | 4 | _aAnda, José Guadalupe De |
| 600 | 1 | 4 | _aCampobello, Nellie |
| 600 | 1 | 4 | _aRomero, José Rubén |
| 600 | 1 | 4 | _aMenéndez, Miguel Angel |
| 650 | 4 | _aLITERATURA MEXICANA | |
| 650 | 4 | _aCRITICA LITERARIA | |
| 650 | 4 | _aIDEOLOGIAS POLITICAS | |
| 650 | 4 | _aHISTORIA LATINOAMERICANA | |
| 650 | 4 | _aNOVELAS | |
| 650 | 4 | _aAUTOBIOGRAFIAS | |
| 650 | 4 | _aSIGLO VEINTE | |
| 650 | 4 | _aESCRITORES | |
| 653 | 0 | _aREVOLUCION MEXICANA | |
| 655 | _aLITERATURA | ||
| 700 | 1 |
_aUtrilla, Juan José _etraductor |
|
| 942 | _cBK | ||
| 998 | _cisola | ||
| 999 |
_c8754 _d8754 |
||